1050 1087 1136 1212 1582 1635 1169 1436 1902 1869 1189 1908 1455 1524 1717 1567 1722 1272 1341 1268 1525 1865 1813 1237 1822 1843 1148 1280 1686 1034 1630 1169 1255 1209 1927 1519 1380 1146 1684 1908 1488 1518 1500 1239 1602 1587 1875 1582 1198 1727 1269 1577 1630 1843 1105 1820 1499 1230 1135 1184 1744 1969 1529 1749 1342 1853 1721 1260 1151 1664 1853 1850 1822 1352 1549 1695 1308 1912 1213 1564 1135 1166 1845 1207 1531 1253 1356 1736 1182 1135 1624 1024 1492 1769 1597 1261 1748 1589 1855 BCNSPRNW ULIB Ver.6.0+V

เปลี่ยนเป็นภาษาไทย

Change to English
 แสดงรายละเอียดบรรณานุกรม
  กลับหน้าหลัก

Brief Record : Get Marc (ISO 2709) : E-mail record : QR code < ปิดหน้าต่าง
LEADER : 00000nam 2200000uu 4500
001    13399113848
003     ULIB
008    120110s||||||||th 000 0 tha d
099    วจ.WM171^bภ374ภ
100 0  ภัทรา เสงี่ยมในเมือง
245 00 ภาวะซึมเศร้าของผู้สูงอายุในเขตเทศบาลตำบลหัวทะเล อำเภอเมืองนครราชสีมา/^cภัทรา เสงี่ยมในเมือง ,ศรีวรรณ เอมราช และ จันสุดา สีลาเขตต์
260    นครราชสีมา :^bวิทยาลัยพยาบาลบรมราชชนนี นครราชสีมา,^c2553
300    55 หน้า :^bตาราง
500    รายงานการวิจัย
650  7 ภาวะซึมเศร้า^xวิจัย
650  7 ความซึมเศร้าในผู้สูงอายุ^xวิจัย
700 02 ศรีวรรณ เอมราช
700 02 จันสุดา สีลาเขตต์
710 1  วิทยาลัยพยาบาลบรมราชชนนี นครราชสีมา
945    ^p0^l0^i030916
995    ทศพร
999 ^a ทศพร
รายการนี้ยังไม่มีแท็ก
คุณยังไม่ได้ล็อกอิน คุณสามารถมีกิจกรรมร่วมกับเว็บไซต์ได้ แต่ต้องล็อกอินก่อน ::
  ล็อกอิน

รายการสื่อสารสนเทศ

ลำดับที่ ประเภท เลขเรียก/บาร์โค้ด สถานที่ สถานะ
1. งานวิจัย
งานวิจัย
วจ.WM171 ภ374ภ ฉ.1 
  Barcode: 030916
ห้องสมุดวิทยาเขตสวรรค์ประชารักษ์
►วิจัย
บนชั้น

BibComment


ยังไม่เคยถูกคอมเมนท์

คอมเมนท์ทรัพยากรรายการนี้
  คอมเมนท์: ภาวะซึมเศร้าของผู..


 Copyright 2026. Bcnsprnw @Library